000 00457nam a2200181Ia 4500
001 18164
005 20260306171610.0
008 260306s9999||||xx |||||||||||||| ||und||
041 _aESP
082 _a658.4012
_bP78 2009
100 _aPorter, Michael E.
_eAUT
245 0 _aVentaja competitiva:
_bcreación y sostenimiento de un desempeño superior
260 _c2009
300 _a
_c
650 _aGEN
654 _aCAN
942 _cLIB
_dJUS
_fJUS
_2ddc
_n
999 _c18164
_d18164